000 00471nam a2200193Ia 4500
003 OSt
005 20250602100348.0
008 210210b2004 xxu||||| |||| 00| 0 eng d
040 _cAL
041 _aeng
082 _a657.046 RAMA
100 _aRAMAN (B S)
_9212114
245 _aAccounting II for second semester of BBM
260 _aMangalore
_bUnited publishers
_c2004
300 _a785p.
690 _aAccountancy
_9212115
906 _a061028
942 _2ddc
_cBK
999 _c107949
_d107949